Central Library OPAC University of Rajshahi

1994 Statistical yearbook of Bangladesh = (Record no. 8599)

MARC details
000 -LEADER
fixed length control field 01271cas a2200325 a 4500
001 - CONTROL NUMBER
control field 8599
003 - CONTROL NUMBER IDENTIFIER
rucl marc code BD-RjUL
005 - DATE AND TIME OF LATEST TRANSACTION
control field 20211208234622.0
008 - FIXED-LENGTH DATA ELEMENTS--GENERAL INFORMATION
fixed length control field 140119c1995999bg ax s f0 a0eng c
035 ## - SYSTEM CONTROL NUMBER
System control number (OCoLC)ocm04524797
-- (BD-RjUL)8644
040 ## - CATALOGING SOURCE
Original cataloging agency BD-RjUL
Language of cataloging eng
Transcribing agency BD-RjUL
041 ## - LANGUAGE CODE
Language code of text/sound track or separate title eng
082 0# - DEWEY DECIMAL CLASSIFICATION NUMBER
Classification number 315.492
Edition number 19
Author mark and year SYB 1995
245 00 - TITLE STATEMENT
Title 1994 Statistical yearbook of Bangladesh =
Remainder of title Bāṃlādeśa parisaṃkhyāna barshagrantha 1994.
246 31 - VARYING FORM OF TITLE
Title proper/short title Bāṃlādeśa parisaṃkhyāna barshagrantha
250 ## - EDITION STATEMENT
Edition statement 15th ed.
260 ## - PUBLICATION, DISTRIBUTION, ETC. (IMPRINT)
Place of publication, distribution, etc. Dhaka :
Name of publisher, distributor, etc. Bangladesh Bureau of Statistics, Statistics Division, Ministry of Planning, Govt. of the People's Republic of Bangladesh,
Date of publication, distribution, etc. 1995-
300 ## - PHYSICAL DESCRIPTION
Pagination v. ;
Size 29 cm.
515 ## - NUMBERING PECULIARITIES NOTE
Numbering peculiarities note Vols. for <1997-> called also <18th ed.->
651 #0 - SUBJECT ADDED ENTRY--GEOGRAPHIC NAME
Geographic name Bangladesh
Form subdivision Statistics
-- Periodicals.
9 (RLIN) 455
Geographic name Bangladesh
General subdivision Economic conditions
Form subdivision Statistics
-- Periodicals.
9 (RLIN) 456
710 1# - ADDED ENTRY--CORPORATE NAME
Corporate name or jurisdiction name as entry element Bangladesh.
Subordinate unit Bureau of Statistics
9 (RLIN) 18970
776 08 - ADDITIONAL PHYSICAL FORM ENTRY
Relationship information Online version:
Title Statistical yearbook of Bangladesh
Record control number (OCoLC)682470590
780 00 - PRECEDING ENTRY
Title Statistical digest of Bangladesh
Record control number (DLC) 73901005
-- (OCoLC)2324493
942 ## - ADDED ENTRY ELEMENTS (KOHA)
Source of classification or shelving scheme Dewey Decimal Classification
Koha item type Continuing Resources
Holdings
Lost status Source of classification or shelving scheme Damaged status Not for loan Collection code Permanent Location Current Location Shelving location Date acquired Source of acquisition Coded location qualifier Cost, normal purchase price Total Checkouts Full call number Date last seen Koha item type
  Dewey Decimal Classification   Not For Loan Non-fiction Central Library, University of Rajshahi Central Library, University of Rajshahi   19/01/2014 Banggladesh Bureau of Statistics 350.00   P 315.492 SYB 1995 19/01/2014 Continuing Resources